1744 1393 1783 1951 1121 1469 1814 1462 1753 1461 1020 1691 1969 1662 1914 1403 1014 1236 1965 1999 1865 1001 1007 1469 1918 1792 1849 1687 1819 1174 1831 1390 1374 1643 1813 1425 1109 1357 1890 1877 1756 1744 1150 1422 1780 1703 1174 1456 1720 1888 1740 1211 1739 1966 1393 1436 1510 1754 1611 1630 1773 1000 1426 1496 1555 1679 1695 1144 1457 1062 1952 2000 1678 1121 1928 1680 1085 1647 1136 1657 1526 1986 1225 1655 1240 1533 1216 1653 1285 1183 1527 1914 1543 1123 1704 1370 1115 1450 1486 BCNSPRNW ULIB Ver.6.0+V

เปลี่ยนเป็นภาษาไทย

Change to English
 แสดงรายละเอียดบรรณานุกรม
  กลับหน้าหลัก

Brief Record : Get Marc (ISO 2709) : E-mail record : QR code < ปิดหน้าต่าง
LEADER : 00000nas 2200000uu 4500
001    13399126186
003     ULIB
008    180711s2561||||th 000 0 tha d
022 0  ^a08589739
110 1  ^aรามาธิบดีพยาบาลสาร
245 00 ^aรามาธิบดีพยาบาลสาร^cมหาวิทยาลัยมหิดล
260    ^aกรุงเทพฯ;^bมหาวิทยาลัยมหิดล,^c2561
310    ^aรายสี่เดือน
850 ^a ULIB^bปีที่ 24 ฉบับที่ 1 ฉ.1 ;ปีที่ 24 ฉบับที่ 2 ฉ.1
945    ^p0^l0^i904930
945    ^p0^l0^i905067
999    ^aประนอม เกษจรัล
รายการนี้ยังไม่มีแท็ก
คุณยังไม่ได้ล็อกอิน คุณสามารถมีกิจกรรมร่วมกับเว็บไซต์ได้ แต่ต้องล็อกอินก่อน ::
  ล็อกอิน

รายการสื่อสารสนเทศ (วารสาร)

ดูแบบ: กล่อง รายการ
ARRIVED
ปีที่ 24 ฉบับที่ 1 ฉ.1
สถานที่: ห้องสมุดวิทยาเขตสวรรค์ประชารักษ์ >วารสาร
ARRIVED
ปีที่ 24 ฉบับที่ 2 ฉ.1
สถานที่: ห้องสมุดวิทยาเขตสวรรค์ประชารักษ์ >วารสาร

BibComment


ยังไม่เคยถูกคอมเมนท์

คอมเมนท์ทรัพยากรรายการนี้
  คอมเมนท์: รามาธิบดีพยาบาลส..


 Copyright 2026. Bcnsprnw @Library